000 00750nab a2200241 u 4500
001 16876
003 HDC
007 cr bn ---aaaaa
008 210222c20091223xx dr|noo 0 a eng d
040 _aHDC
245 0 _aLiquorice brand bagged
260 _a[No place] :
_b[publisher not identified],
_c2009
336 _atext
_2rdacontent
337 _acomputer
_2rdamedia
338 _aonline resource
_2rdacarrier
650 _aFood products
_92068
650 _aLiquorice
_916523
710 _aHalal Focus
856 _zRequest full-text at [email protected]
942 _2lcc
942 _cNEWS
942 _kNWSO 005783
999 _c14192
_d14192